Stolice Świata Najbliższe Madrytowi - Statystyki

Ogólne statystyki
  • Ten quiz został rozwiązany 3 545 razy
  • Średni wynik to 15 z 20
Odpowiedzi na mapie
Odpowiedzi zakodowano w zielono-czerwonej skali na mapie do tego quizu, zgodnie z poniższymi procentami.
 
Statystyki odpowiedzi
km Stolica % Poprawnych
503 Lizbona
98%
1053 Paryż
98%
1363 Rzym
95%
1265 Londyn
93%
1319 Bruksela
87%
1483 Amsterdam
86%
494 Andora la Vella
86%
1453 Dublin
86%
1153 Berno
80%
1281 Luksemburg
78%
991 Monako
77%
1385 San Marino
72%
771 Rabat
71%
1362 Watykan
70%
1297 Vaduz
67%
719 Algier
64%
1600 Lublana
61%
1702 Zagrzeb
61%
1271 Tunis
60%
1668 Valletta
60%
Nie znaleziono quizów pasujących do podanych kryteriów
Rozkład punktacji
Procent ludzi z każdym wynikiem
Percentyl według liczby udzielonych odpowiedzi
Twoja historia wyników
Nie rozwiązałeś tego quizu